000
00302nam a2200145Ia 4500
100
_a
GUPTA VIKAS
650
_a
COMP.
942
_c
BK
366
_f
25
245
_a
COMDEX HARDWARE AND NETWORKING
260
_b
DREAMTECH PUBL.
_a
New Delhi
_c
2012
300
_a
840
546
_a
ENGLISH
999
_c
19316
_d
19316